Mar / (Record no. 196124)

MARC details
000 -LEADER
campo de control de longitud fija 01308nas a2200385 i 4500
001 - NÚMERO DE CONTROL
campo de control 196124
003 - IDENTIFICADOR DE NÚMERO DE CONTROL
campo de control RBPG
005 - FECHA Y HORA DE LA ÚLTIMA TRANSACCIÓN
campo de control 20260623114034.0
008 - DATOS DE LONGITUD FIJA--INFORMACIÓN GENERAL
campo de control de longitud fija 240813c19639999sp mryp 0 0 0spa d
017 ## - NÚMERO DE COPYRIGHT O DE DEPÓSITO LEGAL
Número de copyright o de depósito legal M 16516-1963
022 0# - NÚMERO INTERNACIONAL NORMALIZADO PARA PUBLICACIONES SERIADAS
Número Internacional Normalizado para Publicaciones Seriadas 1131-9240
035 ## - NÚMERO DE CONTROL DEL SISTEMA
Número de control de sistema BPC 0128262
040 ## - FUENTE DE CATALOGACIÓN
Centro catalogador/agencia de origen BPC
Lengua de catalogación glg
Centro/agencia transcriptor ES-MaACL
080 ## - NÚMERO DE LA CLASIFICACIÓN DECIMAL UNIVERSAL
Número de la Clasificación Decimal Universal 639.2(05)
222 #0 - TÍTULO CLAVE
Título clave Mar
Información calificativa (Madrid)
245 10 - MENCIÓN DEL TÍTULO
Título Mar /
Mención de responsabilidad, etc. Instituto Social de la Marina.
246 10 - FORMA VARIANTE DEL TITULO
Título propio/Titulo breve Hoja del mar
260 ## - PUBLICACIÓN, DISTRIBUCIÓN, ETC.
Lugar de publicación, distribución, etc. Madrid :
Nombre del editor, distribuidor, etc. Instituto Social de la Marina,
Fecha de publicación, distribución, etc. [1963]-
300 ## - DESCRIPCIÓN FÍSICA
Extensión v. ;
Dimensiones 29 cm.
310 ## - PERIODICIDAD ACTUAL
Periodicidad actual Mensual
336 ## - TIPO DE CONTENIDO
Fuente rdacontent
Término de tipo de contenido texto
337 ## - TIPO DE MEDIO
Fuente rdamedia
Nombre/término del tipo de medio sin mediación
338 ## - TIPO DE SOPORTE
Fuente rdacarrier
Nombre/término del tipo de soporte volumen
500 ## - NOTA GENERAL
Nota general Títtulo tomado de la cubierta
588 ## - NOTA DE FUENTE DE LA DESCRIPCIÓN
Nota de fuente de la descripción Descripción basada en: n. 626 (sept. 2022)
650 #7 - PUNTO DE ACCESO ADICIONAL DE MATERIA--TÉRMINO DE MATERIA
Término de materia o nombre geográfico como elemento de entrada Pesca
9 (RLIN) 136688
655 #7 - TERMINO DE INDIZACIÓN--GENERO/FORMA
9 (RLIN) 226866
Datos o término principal de género/forma Revistas
710 2# - ENTRADA AGREGADA--NOMBRE DE ENTIDAD CORPORATIVA
Nombre de entidad corporativa o nombre de jurisdicción como elemento de entrada Instituto Social de la Marina (España)
9 (RLIN) 5235
852 ## - LOCALIZACIÓN
Ubicación ES-MaACL
Ubicación en estantería Hemeroteca
Número de control de estantería HEM-H-513
Donativo/Legado Donación: Editorial
Nota libre Revista viva
-- Casillero actual: Cª 31
itemnumber 203951
856 4# - LOCALIZACIÓN Y ACCESO ELECTRÓNICOS
Materiales especificados https://dialnet.unirioja.es/buscar/revistas?querysDismax.REVISTA_TODO=+Mar+Instituto+Social+de+la+Marina&
Texto de enlace Sumario en Dialnet
866 ## - MENCIÓN TEXTUAL DE FONDOS--UNIDAD BIBLIOGRÁFICA BÁSICA
Fondos (2022-2023)-2024-2025-2026-
942 ## - ELEMENTOS DE ENTRADA SECUNDARIOS (KOHA)
Tipo de ítem Koha Revista
Suprimir en OPAC No
955 ## - CATALOGADOR - EDICIÓN
Nombre de catalogador Verónica Torres Díaz
Holdings
Estatus retirado Estado de pérdida Fuente del sistema de clasificación o colocación Especificación de materiales (volumen encuadernado u otra parte) Estado de daño No para préstamo Colección Biblioteca de origen Biblioteca actual Ubicación en estantería Fecha de adquisición Fuente de adquisición Total de préstamos Signatura topográfica completa Código de barras Visto por última vez Precio de reemplazo Tipo de ítem Koha
    Clasificación decimal universal Último número recibido: N.º 667 (2026)     Periódicos y Revistas Biblioteca del Ateneo de Madrid Biblioteca del Ateneo de Madrid Hemeroteca 13/08/2024 Donación   HEM-H-513 (Cº 31) 101228773 13/08/2024 13/08/2024 Revista